Statistiques concernant Les 45 pays Enclavés

Cliquez ici pour prendre le quiz!

Statistiques générales

  • Ce quiz a été pris 282 fois
    (236 depuis la dernière actualisation)
  • Le résultat moyen est 37 sur 45

Statistiques - réponses

Pays% Correct
Suisse
94%
Slovaquie
92%
Andorre
91%
Serbie
91%
Autriche
90%
Hongrie
89%
Liechtenstein
89%
République tchèque
89%
Saint-Marin
89%
Vatican
89%
Luxembourg
88%
Mongolie
88%
Bolivie
87%
Kosovo
86%
Lesotho
86%
Biélorussie
85%
Kazakhstan
85%
Paraguay
85%
Tadjikistan
85%
Macédoine
84%
Mali
84%
Népal
84%
République Centrafricaine
83%
Tchad
83%
Zambie
83%
Moldavie
82%
Niger
82%
Rwanda
82%
Turkménistan
82%
Zimbabwe
82%
Bhoutan
81%
Kirghizistan
81%
Ouzbékistan
81%
Eswatini
78%
Soudan du Sud
78%
Afghanistan
77%
Arménie
77%
Burkina Faso
77%
Burundi
76%
Botswana
74%
Ouganda
74%
Azerbaïdjan
71%
Malawi
70%
Laos
69%
Éthiopie
63%

Distribution des résultats

Percentile par nombre de réponses

% des personnes avec chaque résultat

Votre développement - résultats

Vous n’avez pas pris ce quiz depuis la dernière actualisation